| 000 | 00347nam a22001577a 4500 | ||
|---|---|---|---|
| 003 | CEME | ||
| 005 | 20210628203109.0 | ||
| 008 | 210120b xxu||||| |||| 00| 0 eng d | ||
| 040 | _c. | ||
| 082 | _a158 BON | ||
| 100 |
_aEdward D. Bond _963293 |
||
| 245 | _aBeautiful minde | ||
| 260 |
_aLAHORE _bPDF _c2006 |
||
| 300 | _a208P | ||
| 942 |
_cBK _2ddc |
||
| 999 |
_c572160 _d572160 |
||